Matthew, Mark, Luke or John? - Statistics

General Stats
  • This quiz has been taken 14 times
  • The average score is 9 of 14
Answer Stats
Hint Answer % Correct
Is the most common Papal name John
83%
Was written by a doctor Luke
83%
The shortest Book of Gospel Mark
83%
Was a tax collector Matthew
83%
Also wrote Revelations John
75%
First Book of the Gospels Matthew
75%
Was written by 'the Beloved' John
67%
Was written with a primary audience of Jews Matthew
67%
Also wrote Acts Luke
58%
Starts with a genealogy Matthew
58%
Was based off the eyewitness account of Peter Mark
42%
Contains the most parables Luke
33%
Has 24 chapters Luke
25%
Contains full genealogy from Adam to Jesus Luke
17%
No matching quizzes found
Score Distribution
Percent of People with Each Score
Percentile by Number Answered
Your Score History
You have not taken this quiz